000 02399nam a22002177a 4500
005 20241128151656.0
008 241128b ||||| |||| 00| 0 eng d
020 _a9789364375191
040 _cAL
041 _aeng
082 _223
_a370.02
_bSULN
100 _aFarah Sultan
_9187090
245 _aNTA UGC NET/JRF/SET teaching and research aptitude general paper 1
260 _aNew Delhi
_bArihant Publications
_c2024
300 _a693p.
_bPB
_c24x17cm.
365 _2General
_a5230
_b₹460.00
_c
_d₹575.00
_e20%
_f25/11/2024
520 _aThe UGC NET is a test to determine the eligibility of candidates opting for the post of Assistant Professor only or Junior Research Fellowship and Assistant Professor both in Indian Universities and Colleges. To meet the needs of NET, SET, and JRF applicants, this book has been revamped and updated as per the latest pattern and with a perfect blend of theory and practice questions.Who will benefit?Candidates preparing for NET;Candidates opting for Assistant Professor or Junior Research Fellowship or both;ndidates preparing for General Paper-1;BOOK STRUCTURE;Solved Papers (2024-2019);10 Units;5 Practice Sets;BOOK FEATURES;Easy to understand language supported with Examples, Flowcharts, Figures, Diagrams, Latest Facts, etc.Chapter/Unitwise 3000+ MCQs for complete practice;Chapter/Unitwise Previous Year Questions (2014-2019);5 Practice Sets on the Latest Examination Pattern with Online Practice;2024-2019 Solved Papers with Detailed Explanations;WHY THIS BOOK?;“NTA UGC Teaching and Research Aptitude General Paper-I” has been written for those candidates who want to qualify the Paper 1 of the UGC NET examination Designed according to the latest syllabus and the latest pattern of the UGC, which is applicable from the June 2019 examination Provides exhaustive, crisp text resource, and an enormous question bank with answers;TABLE OF CONTENTS:Solved Papers (2024-2019), Unit 1- Teaching Aptitude, Unit 2- Research Aptitude, Unit 3- Comprehension, Unit 4- Comprehension, Unit 5- Mathematical Reasoning and Aptitude, Unit 6- Logical Reasoning, Unit 7- Data Interpretation, Unit 8- Information and Communication Technology, Unit 9- People, Development and Environment, Unit 10- Higher Education System, Practice Sets (1-5)
650 _2Education
_aEducation
_9187091
700 _aSharma, Mridula;et al
_9187092
942 _2ddc
_cBK
999 _c232027
_d232027